Miery príjmovej nerovnosti

Možnosti použitia Theilovho a Atkinsonovho indexu pri meraní príjmovej nerovnosti. Spôsoby ich výpočtu.

Saved in:
Bibliographic Details
Main Author: Labudová, Viera, 1958-
Format: Book Chapter
Language:Slovak
Subjects:
Tags: Add Tag
No Tags, Be the first to tag this record!

MARC

LEADER 00000naa a2200000 4500
001 0124459
005 20240613073309.1
041 0 |a slo 
044 |a SK 
245 1 0 |a Miery príjmovej nerovnosti  |c Viera Labudová 
520 |a Možnosti použitia Theilovho a Atkinsonovho indexu pri meraní príjmovej nerovnosti. Spôsoby ich výpočtu. 
610 2 0 |a nerovnosť 
610 2 0 |a diskriminácia 
610 2 0 |a príjmy 
610 2 0 |a výskum štatistický 
100 1 |a Labudová, Viera, 1958-